|
|
|
|
| LEADER |
00000nam0a2200000 4500 |
| 001 |
122202 |
| 005 |
20231031125857.0 |
| 010 |
|
|
|a 5280006491
|
| 020 |
|
|
|a RU
|b 89-49217
|
| 035 |
|
|
|a (RuTPU)RU\TPU\book\132327
|
| 090 |
|
|
|a 122202
|
| 100 |
|
|
|a 20070927d1989 m y0rusy5003 ca
|
| 101 |
1 |
|
|a rus
|c ita
|
| 102 |
|
|
|a RU
|
| 105 |
|
|
|a a z 000ay
|
| 200 |
1 |
|
|a Избранные произведения
|e Пер. с итал.
|f Д. Леопарди
|g сост. и вступ. ст. Н. Томашевский
|
| 210 |
|
|
|a Москва
|c Художественная литература
|d 1989
|
| 215 |
|
|
|a 301,[1] с.
|c ил.
|d 17 см
|
| 327 |
1 |
|
|a Содерж.: Стихотворения; Рассуждения итальянца о романтической поэзии
|
| 610 |
1 |
|
|a итальянская литература
|
| 610 |
1 |
|
|a поэзия
|
| 610 |
1 |
|
|a трактаты
|
| 675 |
|
|
|a 85
|z rus
|
| 700 |
|
1 |
|a Леопарди
|b Д.
|g Джакомо
|4 070
|
| 702 |
|
1 |
|a Томашевский
|b Н.
|4 220
|
| 801 |
|
0 |
|a RU
|b RuMRKP
|c 19950417
|g psbo
|
| 801 |
|
1 |
|a RU
|b 63413507
|c 20070927
|g PSBO
|
| 801 |
|
2 |
|a RU
|b 63413507
|c 20070927
|g PSBO
|
| 942 |
|
|
|c BK
|